La representación de la realidad: discurso, retórica y construcción social
Shranjeno v:
| Glavni avtor: | |
|---|---|
| Format: | Knjiga |
| Jezik: | španščina |
| Izdano: |
Barcelona
Paidós
1998
|
| Izdaja: | 1a. ed |
| Serija: | Colección Temas de Psicología, 4
|
| Teme: | |
| Oznake: |
Označite
Brez oznak, prvi označite!
|
MARC
| LEADER | 00000nam a2200000 a 4500 | ||
|---|---|---|---|
| 001 | UCP3662 | ||
| 003 | CL-VaPUC | ||
| 008 | 990702e19980000SP |||||||||||||||||spa|d | ||
| 020 | |a 8449305411 | ||
| 082 | 0 | 4 | |a 306.42 |b POT |2 21 |
| 100 | 0 | |a Potter, Jonathan |e author |9 431070 | |
| 245 | 1 | 3 | |a La representación de la realidad: discurso, retórica y construcción social |
| 250 | |a 1a. ed | ||
| 300 | |a 319 p | ||
| 942 | |c BK | ||
| 945 | |d 19990702 00:00:00 |a vberengu | ||
| 260 | |a Barcelona |b Paidós |c 1998 | ||
| 650 | 0 | |a Sociología |9 255410 | |
| 650 | 7 | |a CONSTRUCCIONISMO |2 CL-VaPUC |9 431071 | |
| 650 | 7 | |a ETNOMETODOLOGIA |2 CL-VaPUC |9 389557 | |
| 650 | 0 | |a Semiología |9 317916 | |
| 650 | 7 | |a POSTESTRUCTURALISMO |2 CL-VaPUC |9 431072 | |
| 650 | 0 | |a Posmodernismo |9 330532 | |
| 650 | 0 | |a Lenguaje |9 265069 | |
| 583 | |a last modification |c 19990702 00:00:00 |k Rodrigo Vera | ||
| 490 | 0 | |a Colección Temas de Psicología, 4 | |
| 999 | |c 281923 |d 281921 | ||
| 952 | |0 0 |1 0 |4 0 |6 306_420000000000000_POT_1998 |7 0 |8 A |9 323084 |a BIBEDU |b BIBEDU |d 2019-11-20 |i 3538818 |o 306.42 POT 1998 |p 3538818 |r 2019-11-20 |w 2019-11-20 |y BK |k PSI | ||
| 952 | |0 0 |1 0 |4 0 |6 306_420000000000000_POT_1998 |7 0 |8 A |9 323085 |a FDOPOS |b BIBEDU |d 2019-11-20 |i 3688666 |l 1 |m 1 |o 306.42 POT 1998 |p 3688666 |r 2025-01-22 |s 2024-09-06 |w 2019-11-20 |y BK |k MLA | ||
| 952 | |0 0 |1 0 |4 0 |6 306_420000000000000_POT_1998 |7 0 |8 A |9 323086 |a BIBGIM |b BIBGIM |d 2019-11-20 |i 3831558 |o 306.42 POT 1998 |p 3831558 |r 2025-01-15 |w 2019-11-20 |y BK |k SSL | ||
| 952 | |0 0 |1 0 |4 0 |6 306_420000000000000_POT_1998 |7 0 |8 A |9 323087 |a BIBEDU |b BIBEDU |d 2019-11-20 |i 3867315 |o 306.42 POT 1998 |p 3867315 |r 2019-11-20 |w 2019-11-20 |y BK |k PSI | ||
| 952 | |0 0 |1 0 |4 0 |6 306_420000000000000_POT_1998 |7 0 |8 A |9 323088 |a BIBEDU |b BIBEDU |d 2019-11-20 |i 4148983 |l 1 |o 306.42 POT 1998 |p 4148983 |r 2023-09-21 |s 2023-09-07 |w 2019-11-20 |y BK |k PSI | ||